000 01054nam a22002057a 4500
999 _c57775
_d57775
003 Ge_BSU
005 20201124141354.0
008 201124s1994 ge ||||| |||| 00| 0 geo d
041 _ageo
080 _a 811.124+61(014) გ-24
100 _aგაფრინდაშვილი, ნოდარ
_99753
245 _aლათინური ენა და სამედიცინო ტერმინოლოგიის საფუძვლები /
_cნოდარ გაფრინდაშვილი, ია კახიანი; [რედ.: ზურაბ კაციტაძე].
264 _aქუთაისი :
_bმედიცინა,
_c1994.
300 _a211 გვ. ;
_b20 სმ.
653 _aლათინური ენა
653 _aსამედიცინო ტერმინოლოგია
700 _aკახიანი, ია
_eრედაქტორი
_99754
700 _aკაციტაძე, ზურაბ
_eრედაქტორი
_99755
942 _2udc
_cBK